000 00271nam a2200109Ia 4500
008 180219s9999 xx 000 0 und d
020 _a375704027
100 _aMurakami, Haruki
245 _aNorwegian wood /
260 _aUSA :
_bVintage books
_c2000
300 _a296 pages
999 _c355983
_d355983